|
|
|
|
| LEADER |
00000naa2a2200000 4500 |
| 001 |
222193 |
| 005 |
20240207094344.0 |
| 035 |
|
|
|a (RuTPU)RU\TPU\book\242377
|
| 090 |
|
|
|a 222193
|
| 100 |
|
|
|a 20120919d2003 k y0rusy50 ca
|
| 101 |
0 |
|
|a rus
|
| 102 |
|
|
|a RU
|
| 200 |
1 |
|
|a Развитие научных исследований силикатного сырья и силикатных материалов в томске за 100 лет
|f В. И. Верещагин
|
| 320 |
|
|
|a Библиогр.: 6 назв.
|
| 463 |
|
1 |
|0 (RuTPU)RU\TPU\book\65801
|y 5-98298-043-9
|t Проблемы геологии и освоения недр
|o труды Седьмого Международного научного симпозиума им. академика М. А. Усова студентов и молодых ученых, посвященного 140-летию со дня рождения академика, Лауреата Ленинской и Государственных премий СССР, Почётного Президента Географического общества СССР В. А. Обручева
|f Российское геологическое общество; Томский политехнический университет; Под ред. Г. М. Ивановой
|v С. 779-780
|d 2003
|p 850 с.
|
| 610 |
1 |
|
|a труды учёных ТПУ
|
| 700 |
|
1 |
|a Верещагин
|b В. И.
|c химик-технолог
|c профессор Томского политехнического университета, доктор технических наук
|f 1942-
|g Владимир Иванович
|3 (RuTPU)RU\TPU\pers\19774
|9 7712
|
| 801 |
|
1 |
|a RU
|b 63413507
|c 20120919
|
| 801 |
|
2 |
|a RU
|b 63413507
|c 20171107
|g RCR
|
| 942 |
|
|
|c BK
|